000
00325nam a2200133Ia 4500
005
20251222155132.0
008
251222s9999||||xx |||||||||||||| ||spa||
082
_a
REL.54.3
100
_a
Conf.Episcopal PerĂº
245
0
_a
La verdad de la iglesia ante las sectas
250
_a
1ra. ed.
264
_b
No tiene
942
_c
LIB
999
_c
38851
_d
38851